000 00671nam a22002537a 4500
003 UA-OsUOA
001 22270
007 ta
008 20031218b un ||||| |||| 00| 0 ukr d
100 _aГубин В. Д.
090 _a101(075)
_bГ93
942 _cBK
040 _aUA-OsUOA
_brus
_cUA-OsUOA
_dUA-OsUOA
245 _aФилософия: элементарный курс
_bучебное пособие
300 _a331 с.
955 _a2
041 _arus
080 _a101(075)
020 _a5-8297-0077-8
260 _aМосква
_bГардарики
_c2001
044 _aRU
650 7 _a1 Філософські науки
_2UDC
999 _c308486
_d308486